Регионална библиотека "Любен Каравелов" - Русе

Odyssee (Запис номер 423971)

MARC детайли
000 -Лидер
Контролно поле с фиксирана дължина nam a22 a 4500
003 - Код на организацията, давaща контролен номер
Контролно поле BLK
005 - Дата и час на последна редакция
Контролно поле 20210715133102.0
008 - Елементи от данни с фиксирана дължина
fixed length control field 210209b bu ||||| |||| 00| 0 bu d
040 ## - Източник на каталожния запис
Идентификатор на билиотеката - собственик на записа BLK
Transcribing agency BLK
041 1# - Код за език
Код за езика на текст/звукозапис или на отделно заглавие Френски
Код за езика КДБФ Френски
080 ## - УДК
Текстов определител УДК Класическа гръцка литература. Старогръцка литература
УДК код - определител по УДК 821.142
УДК определител -1
УДК - код + определител 821.142-1
100 ## - Редна дума - Автор
Автор Homere
R(LIN) 1299
Авторска отговорност първи автор
139 ## - Редно поле
Редна дума Homere
Авторски знак Hom - H 76
245 12 - Сведения за заглавието
Заглавие Odyssee
Подзаглавни данни Chant VI
Редно поле (дума) Homere ; texte grec publie avec un argument analytique et des notes en francais par A. Pierron
257 ## - Страна на издаване
Страна на създаване/издаване Франция
260 ## - Област на издателските данни
Място на издаване, разпространение и проч. Paris
Име на издателя, разпространителя и проч. Libr. Hachette et C-ie
Година на издаване 1887
300 ## - Физическа характеристика
Страници 31 p.
Размери/Мащаб 16 cm
380 ## - Жанр
Жанр Худож. лит.
490 ## - СЕРИИ (Колекции)
9 (RLIN) 207033
Име на серия Classiques grecs
490 ## - СЕРИИ (Колекции)
9 (RLIN) 435080
Име на серия Колекция Редки и ценни издания
700 ## - Други автори (авторска отговорност)
9 (RLIN) 175
Лично име Pierron, Alexis
Автороска отговорност (Описва отношението между автора и произведението) notice et notes par
852 ## - Местоположение
Форматна сигнатура Рф 887
Фондова буква Редки и ценни
999 ## - СИСТЕМНИ КОНТРОЛНИ НОМЕРА
Koha biblionumber 423971
Koha biblioitemnumber 423971
942 ## - АРТИКУЛИ
Вид на библиотечния материал Книги
Скрит в OPAC Не
Периодичен библиозапис Да
944 ## - СЪЗДАВАНЕ И РЕДАКЦИЯ на ЗАПИСА
Създаване/Редакция Създаване
Дата на регистрацията/редакция 2021-07-15
Служител, извършил регистрацията/редакцията ВК
Наличности
Код за отписване Код за изгубен артикул Източник на класификационната схема Код за повреда Коз за рестрикции Код за отдаване Артикулен № Име на библиотеката - собственик Име на библиотеката, в която се намира в момента Статус (Текущо местоположение) Дата на вписване в системата Местоположение - отдел Цена в лева Инвентарен номер Систематично азбучна сигнатура Баркод Цена в евро Служебен тип на артикула
  Не е изгубен Universal Decimal Classification Не е повреден само за читалня Специални фондове ( старопечатни, редки и ценни, фонд М. Арнаудов) 854988 Регионална библиотека "Любен Каравелов" Русе Регионална библиотека "Любен Каравелов" Русе Редки и ценни 2021-09-24 Редки и ценни 0.06 13152/58 Рф 887 900000066197 0.03 Книги
Vip Innovations Ltd, Rousse, Bulgaria 2025